Statystyki dla Współczesne skrótowce

Kliknij tutaj aby rozwiązać quiz!

Ogólne statystyki

  • Ten quiz został rozwiązany 325 razy
  • Średni wynik to 22 z 27

Statystyki odpowiedzi

SkrótRozwinięcie% Poprawnych
itd.I tak dalej
99%
np.Na przykład
99%
nrNumer
99%
ul.Ulica
99%
p.n.ePrzed naszą erą
98%
m.in.Między innymi
97%
godz.Godzina
96%
tzw.Tak zwany
95%
prof.Profesor
93%
tvTelewizja
93%
mgrMagister
90%
pt.Pod tytułem
88%
l.mn.Liczba mnoga
87%
TVPTelewizja Polska
86%
przym.Przymiotnik
83%
Ms. (przypadek)Miejscownik
81%
ONZOrganizacja Narodów Zjednoczonych
81%
cdn.Ciąg dalszy nastąpi
78%
ZSRRZwiązek Socjalistycznych Republik Radzieckich
71%
minMinuta
69%
zwZaraz wracam
69%
PKPPolskie Koleje Państwowe
67%
RFNRepublika Federalna Niemiec
63%
SASpółka Akcyjna
55%
br.Bieżącego roku
48%
pt.Piątek
45%
UMUniwersytet Medyczny
30%

Rozkład punktacji

Percentyl według liczby udzielonych odpowiedzi

Procent ludzi z każdym wynikiem

Twoja historia wyników

Nie rozwiązałeś tego quizu